Quick arithmatic : (Record no. 104558)

MARC details
000 -LEADER
fixed length control field 00597nam a22001937a 4500
005 - DATE AND TIME OF LATEST TRANSACTION
control field 20161109151710.0
010 ## - LCCN (DPL NO)
LC control number ENG-116495
020 ## - INTERNATIONAL STANDARD BOOK NUMBER
International Standard Book Number 9789352531950
Terms of availability 475.00
035 ## - SYSTEM CONTROL NUMBER
System control number EN-100028
037 ## - SOURCE OF ACQUISITION
Source of stock number/acquisition DBAD/PUB
082 ## - DEWEY DECIMAL CLASSIFICATION NUMBER
Classification number 000
100 ## - MAIN ENTRY--PERSONAL NAME
Personal name Aggarwal, Ashish
245 ## - TITLE STATEMENT
Title Quick arithmatic :
Statement of responsibility, etc by Ashish Aggarwal
Remainder of title short-cut methods of solving the problems(fully solved) /
250 ## - EDITION STATEMENT
Edition statement 7th rev. ed.
260 ## - PUBLICATION, DISTRIBUTION, ETC. (IMPRINT)
Place of publication, distribution, etc New Delhi
Name of publisher, distributor, etc S. Chand & Company
Date of publication, distribution, etc 2016
270 ## - ADDRESS
Address 7361,Ram Nagar
City New Delhi
Postal code 110055
300 ## - PHYSICAL DESCRIPTION
Extent 943p. :
Dimensions 24cm (pbk)
Other physical details ill
942 ## - ADDED ENTRY ELEMENTS (KOHA)
Source of classification or shelving scheme Dewey Decimal Classification
Item type English Books
Classification part 000
Call number suffix AGG
Holdings
Withdrawn status Lost status Not for loan Collection code Home library Current library Date acquired Source of acquisition Cost, normal purchase price Full call number Barcode Copy number Cost, replacement price Koha item type
      Non-fiction Shahdara Branch Shahdara Branch 09/11/2016 DBAD/PUB 475.00 000 AGG EN-100028 1 475.00 English Books

© Delhi Public Library
Hit Counter
free hit counter